[Event "Titled Tue 3rd Jan Late"]
[Site "chess.com INT"]
[Date "2025.06.03"]
[Round "7"]
[White "Loskutova, Viktoriya"]
[Black "Tekeyev, Zaur"]
[Result "1/2-1/2"]
[WhiteTitle "WFM"]
[BlackTitle "IM"]
[WhiteElo "2066"]
[BlackElo "2417"]
[WhiteFideId "34166278"]
[BlackFideId "4199731"]
[EventDate "2025.06.03"]

1. e4 c5 2. Nf3 d6 3. d4 cxd4 4. Nxd4 Nf6 5. Nc3 a6 6. Bg5 Nbd7 7. Be3 h5 8. h3
e6 9. a4 b6 10. Bd3 Bb7 11. O-O Nc5 12. a5 bxa5 13. Bg5 Be7 14. Qf3 Nfd7 15. Be3
Ne5 16. Qg3 Bf6 17. Rfd1 h4 18. Qh2 g5 19. Be2 Nxe4 20. Nxe4 Bxe4 21. c4 Qc7 22.
Nb3 Rb8 23. Nxa5 Rxb2 24. Bf1 Kf8 25. c5 d5 26. Bd4 Rb4 27. Bc3 Rb8 28. Bxa6 Kg7
29. Kh1 g4 30. Nc6 g3 31. fxg3 Nxc6 32. Bxf6+ Kxf6 33. Rf1+ Ke7 34. Rf4 Ra8 35.
Raf1 Ne5 36. Be2 Ra2 37. gxh4 Rxe2 38. Rxf7+ Kd8 39. Rxc7 Rxg2 40. Qxe5 Rg3+ 41.
Kh2 Rg2+ 42. Kh1 Rg3+ 43. Kh2 Rg2+ 44. Kh1 1/2-1/2

[Event "Titled Tue 3rd Jan Late"]
[Site "chess.com INT"]
[Date "2025.06.03"]
[Round "7"]
[White "Flynn, Jacob"]
[Black "Walmer, Benjamin"]
[Result "1-0"]
[WhiteTitle "CM"]
[WhiteElo "2271"]
[BlackElo "1990"]
[WhiteFideId "2509393"]
[BlackFideId "30958164"]
[EventDate "2025.06.03"]

1. d4 d5 2. c4 e6 3. Nf3 Nf6 4. Nc3 dxc4 5. e4 b5 6. e5 Nd5 7. Nxb5 Nb6 8. Be2
Be7 9. O-O Nc6 10. Be3 Rb8 11. Nc3 Bb7 12. Rc1 O-O 13. Qd2 Nb4 14. Rfd1 Qd7 15.
Bg5 Rfd8 16. Qf4 Qe8 17. Qh4 Bxg5 18. Nxg5 h6 19. Nge4 N4d5 20. Nc5 Nxc3 21.
Rxc3 Bd5 22. Rg3 Kh8 23. Ne4 Bxe4 24. Qxe4 Nd5 25. Bxc4 Rxb2 26. Bd3 Qg8 27. Bc4
Ne7 28. Bb3 Qh7 29. Qb7 Qf5 30. Rf3 Qb1 31. Rd3 c5 32. Rxb1 Rxb1+ 33. Rd1 Rxd1+
34. Bxd1 Nf5 35. g3 Rxd4 36. Bc2 Kg8 37. Bxf5 exf5 38. Qc8+ Kh7 39. Qxf5+ Kg8
40. Qc8+ Kh7 41. Qxc5 Rd1+ 42. Kg2 Rd7 43. Qc2+ g6 44. Qc6 Re7 45. Qf6 Rb7 46.
e6 fxe6 47. Qxe6 h5 48. h4 Rg7 49. Qe4 Rf7 50. g4 hxg4 51. h5 Rg7 52. hxg6+ Rxg6
53. Kg3 Kh6 54. Qe3+ Kg7 55. Qxa7+ Kh6 56. Qe3+ Kg7 57. Qd4+ Kh7 58. a4 Kh6 59.
Qf4+ Kh7 60. Qf5 Kh6 61. Qxg6+ Kxg6 62. a5 1-0

[Event "Titled Tue 3rd Jan Late"]
[Site "chess.com INT"]
[Date "2025.06.03"]
[Round "7"]
[White "Qin, Kevin"]
[Black "Askarov, Bakhtiyar"]
[Result "0-1"]
[BlackTitle "IM"]
[WhiteElo "2017"]
[BlackElo "2300"]
[WhiteFideId "2627949"]
[BlackFideId "13701100"]
[EventDate "2025.06.03"]

1. c4 Nf6 2. Nc3 g6 3. e4 d6 4. g3 Bg7 5. Bg2 O-O 6. Nge2 e5 7. O-O Nbd7 8. d3
a5 9. h3 Nc5 10. b3 c6 11. Be3 Nfd7 12. Rb1 Ne6 13. a3 Nd4 14. b4 axb4 15. axb4
f5 16. Qd2 Rf7 17. Bg5 Qf8 18. Nxd4 exd4 19. Ne2 h6 20. exf5 hxg5 21. fxg6 Re7
22. Rbe1 Qf6 23. f4 Qxg6 24. fxg5 Re3 25. Nf4 Qxg5 26. Rxe3 dxe3 27. Qxe3 Nf8
28. b5 Bd7 29. Kh2 Ra2 30. Rf2 Rxf2 31. Qxf2 Be5 32. Ne2 Qd2 33. Qf3 Kg7 34. Qe4
Ng6 35. d4 Bf6 36. bxc6 bxc6 37. d5 c5 38. h4 Ne7 39. Nf4 Be5 40. Nd3 Bf6 41.
Nf4 Bf5 42. Qf3 Be5 43. Nh3 Qd3 44. Qf2 Qd4 45. Qf3 Qxh4 46. Bf1 Qg4 47. Qf2 Be4
48. Be2 Qg6 49. Qe3 Nf5 50. Qa3 Qxg3+ 51. Qxg3+ Nxg3 52. Bg4 Ne2+ 53. Nf4 Bxf4+
54. Kh3 Nc3 55. Be6 Bd3 56. Bd7 Be5 57. Bb5 Nxb5 58. cxb5 Bxb5 0-1

[Event "Titled Tue 3rd Jan Late"]
[Site "chess.com INT"]
[Date "2025.06.03"]
[Round "7"]
[White "Amarasinghe, A A C B"]
[Black "Erzhanov, Arman"]
[Result "0-1"]
[WhiteTitle "CM"]
[BlackTitle "FM"]
[WhiteElo "1949"]
[BlackElo "2136"]
[WhiteFideId "9901809"]
[BlackFideId "4138821"]
[EventDate "2025.06.03"]

1. d4 d5 2. c4 e6 3. g3 a6 4. Bg2 Nf6 5. Nf3 Be7 6. O-O O-O 7. b3 b5 8. Nbd2
bxc4 9. bxc4 Nc6 10. Ne5 Nxd4 11. Bb2 c5 12. e3 Nf5 13. Nc6 Qc7 14. cxd5 exd5
15. Nxe7+ Nxe7 16. Bxf6 gxf6 17. Qf3 Kg7 18. e4 Be6 19. exd5 Nxd5 20. Ne4 f5 21.
Nc3 Rad8 22. Rfe1 Nf6 23. Rac1 c4 24. Ne2 Qa5 25. Nf4 Rfe8 26. Bf1 Ne4 27. Nh5+
Kf8 28. Qf4 Qc5 29. Qh6+ Ke7 30. Re3 Rd2 31. f3 Nd6 32. Qf6+ Kd7 33. Qc3 Rxa2
34. Nf6+ Kd8 35. Nxe8 Kxe8 36. Rd1 f4 37. gxf4 Ke7 38. Qe5 Qxe5 0-1

[Event "Titled Tue 3rd Jan Late"]
[Site "chess.com INT"]
[Date "2025.06.03"]
[Round "7"]
[White "Khodabandeh, Milad"]
[Black "Vasenev, Sergey"]
[Result "1-0"]
[WhiteTitle "CM"]
[BlackTitle "FM"]
[WhiteElo "1957"]
[BlackElo "2283"]
[WhiteFideId "12538620"]
[BlackFideId "4126858"]
[EventDate "2025.06.03"]

1. e4 Nc6 2. Nf3 e5 3. Bb5 a6 4. Bxc6 dxc6 5. O-O f6 6. d4 exd4 7. Nxd4 Bd6 8.
Qh5+ g6 9. Qd1 Ne7 10. Bh6 Be5 11. c3 c5 12. Nb3 Qxd1 13. Rxd1 b6 14. N1d2 Kf7
15. f4 Bd6 16. Nc4 b5 17. Nxd6+ cxd6 18. Rxd6 Ng8 19. e5 Nxh6 20. Rxf6+ Kg7 21.
Nxc5 Bf5 22. Rxa6 Rxa6 23. Nxa6 Ra8 24. Nc5 Ng4 25. a4 bxa4 26. Rxa4 Rxa4 27.
Nxa4 Ne3 28. Kf2 Nd1+ 29. Kf3 Bc2 30. Nb6 Nxb2 31. Ke3 Kf7 32. Kd4 Ke6 33. c4
Na4 34. Nd5 Bb3 35. Nf6 Nb6 36. c5 Nd7 37. Nxh7 Ba4 38. g4 Bc6 39. Ng5+ Ke7 40.
h4 Nf8 41. h5 gxh5 42. gxh5 1-0

[Event "Titled Tue 3rd Jan Late"]
[Site "chess.com INT"]
[Date "2025.06.03"]
[Round "7"]
[White "Aronian, Levon"]
[Black "Galchenko, Matvey"]
[Result "0-1"]
[WhiteTitle "GM"]
[BlackTitle "IM"]
[WhiteElo "2747"]
[BlackElo "2442"]
[WhiteFideId "13300474"]
[BlackFideId "24175480"]
[EventDate "2025.06.03"]

1. c4 c5 2. Nc3 g6 3. g3 Bg7 4. Bg2 Nc6 5. e3 e5 6. Nge2 Nge7 7. d3 O-O 8. O-O
d6 9. a3 Rb8 10. Rb1 a5 11. Bd2 Be6 12. Qb3 b5 13. Nxb5 d5 14. Qc2 e4 15. dxe4
dxc4 16. Nec3 Ne5 17. f4 Nd3 18. e5 Nf5 19. a4 f6 20. exf6 Bxf6 21. Ne4 Bg7 22.
Ng5 Bd5 23. e4 Nd4 24. Nxd4 Bxd4+ 25. Kh1 h6 26. exd5 hxg5 27. Qxc4 Nf2+ 28.
Rxf2 Bxf2 29. fxg5 Bd4 30. Bf4 Rb4 31. Qa6 Qb6 32. Qxb6 Rxb6 33. Bc7 Rxb2 34.
Rxb2 Bxb2 35. d6 Be5 36. Bd5+ Kg7 37. Bxa5 Bxd6 38. Bc3+ Kh7 39. a5 Rf1+ 40. Kg2
Rc1 41. Bf6 c4 42. Kf3 c3 43. Kg4 Rd1 44. Be4 Re1 45. Kf3 Rf1+ 46. Ke2 Rg1 0-1

[Event "Titled Tue 3rd Jan Late"]
[Site "chess.com INT"]
[Date "2025.06.03"]
[Round "7"]
[White "Omariev, Maksim"]
[Black "Bustelo, Tabare"]
[Result "1-0"]
[WhiteTitle "FM"]
[BlackTitle "CM"]
[WhiteElo "2304"]
[BlackElo "2043"]
[WhiteFideId "4193423"]
[BlackFideId "3000362"]
[EventDate "2025.06.03"]

1. b3 b5 2. Bb2 Bb7 3. e3 a6 4. Nf3 e6 5. c4 b4 6. d4 f5 7. Nbd2 Nf6 8. Bd3 a5
9. Qe2 Be7 10. e4 fxe4 11. Nxe4 Nxe4 12. Bxe4 Bxe4 13. Qxe4 Ra6 14. O-O O-O 15.
Rfe1 Bf6 16. Rad1 c5 17. Rd2 d5 18. Qe2 dxc4 19. Qxc4 cxd4 20. Nxd4 Kh8 21. Ree2
Rd6 22. h3 e5 23. Ne6 Rxd2 24. Nxd8 Rd1+ 25. Kh2 Rfxd8 26. Bxe5 Bxe5+ 27. Rxe5
h6 28. Rxa5 R1d2 29. Rf5 R2d4 30. Qc5 Na6 31. Qa5 R4d6 32. Rf7 Kh7 33. Qe5 Rg6
34. Ra7 Nb8 35. Qc7 Rf8 36. Rb7 Nc6 37. Rb6 Rff6 38. f4 Rd6 39. h4 Rd2 40. f5
Rdxg2+ 41. Kh3 R2g3+ 42. Qxg3 Rxg3+ 43. Kxg3 Nd4 44. Rxb4 Nxf5+ 45. Kf4 Ne7 46.
Rb7 Nd5+ 47. Kf3 Kg6 48. a4 Kf5 49. a5 1-0

[Event "Titled Tue 3rd Jan Late"]
[Site "chess.com INT"]
[Date "2025.06.03"]
[Round "7"]
[White "Pein, Jonathan"]
[Black "Fomevor, Cephas Clinton"]
[Result "1-0"]
[WhiteTitle "FM"]
[BlackTitle "CM"]
[WhiteElo "2237"]
[BlackElo "1883"]
[WhiteFideId "417092"]
[BlackFideId "12601330"]
[EventDate "2025.06.03"]

1. Nf3 d5 2. d4 Nf6 3. c4 c6 4. cxd5 cxd5 5. Nc3 Nc6 6. Bf4 a6 7. e3 Bg4 8. Rc1
e6 9. h3 Bh5 10. g4 Bg6 11. Ne5 Nxe5 12. dxe5 Nd7 13. h4 h5 14. g5 Bb4 15. Bd3
Bxd3 16. Qxd3 g6 17. Bg3 O-O 18. O-O Rc8 19. Nxd5 exd5 20. e6 fxe6 21. Qxg6+ Kh8
22. Qh6+ Kg8 23. Qxe6+ Kh8 24. Qh6+ Kg8 25. Qg6+ Kh8 26. Qxh5+ Kg8 27. Qg6+ Kh8
28. Qh6+ Kg8 29. Qe6+ Kh8 30. Qxd5 Qe7 31. a3 Rxc1 32. Rxc1 Bc5 33. b4 Bxe3 34.
Re1 Bxf2+ 35. Bxf2 Qf7 36. Bd4+ Kh7 37. Qxf7+ Rxf7 38. Rf1 Rxf1+ 39. Kxf1 Kg6
40. Kg2 Kf5 41. Kf3 b5 42. Ke3 Nf8 43. Bf6 Ke6 44. Kd4 Nd7 45. h5 Nxf6 46. gxf6
Kxf6 47. Kc5 Kg5 48. Kd5 Kxh5 49. Kc5 Kg6 50. Kb6 Kf7 51. Kxa6 Ke8 52. Kxb5 Kd8
53. Ka6 Kc8 54. Ka7 Kc7 55. a4 Kc6 56. b5+ 1-0

[Event "Titled Tue 3rd Jan Late"]
[Site "chess.com INT"]
[Date "2025.06.03"]
[Round "7"]
[White "Moosavifar, Seyed Abolfazl"]
[Black "Borisov, Yuri"]
[Result "1-0"]
[WhiteTitle "FM"]
[BlackTitle "FM"]
[WhiteElo "2303"]
[BlackElo "2285"]
[WhiteFideId "42548195"]
[BlackFideId "1503928"]
[EventDate "2025.06.03"]

1. e4 e6 2. d4 d5 3. Nc3 dxe4 4. Nxe4 Nd7 5. Nf3 Ngf6 6. Nxf6+ Nxf6 7. c3 Be7 8.
Bd3 O-O 9. Qe2 b6 10. Be3 Bb7 11. O-O-O a5 12. Rhg1 a4 13. a3 Nd5 14. g4 Nxe3
15. fxe3 Qd5 16. e4 Qa2 17. Bb1 Qa1 18. g5 Bxa3 19. bxa3 Qxc3+ 20. Bc2 Qxa3+ 21.
Kd2 Ba6 22. Bd3 Qb4+ 23. Ke3 Bxd3 24. Rxd3 a3 25. Qa2 c5 26. Rb1 cxd4+ 27. Rxd4
Qc5 28. Ke2 Rfd8 29. Rc4 Qd6 30. Rc3 b5 31. e5 Qa6 32. Kf2 Qb6+ 33. Kg2 b4 34.
Rxa3 Rxa3 35. Qxa3 bxa3 36. Rxb6 Ra8 37. Rb1 a2 38. Ra1 g6 39. Kg3 Ra5 40. Kf4
Ra4+ 41. Ke3 Ra3+ 42. Ke4 Ra4+ 43. Nd4 Kg7 44. Kd3 Ra3+ 45. Kc4 Re3 46. Rxa2
Rxe5 47. Rg2 Re4 48. Kd3 Rh4 49. Nf3 Rh3 50. Ke4 h6 51. gxh6+ Kxh6 52. Ng5 f5+
53. Ke5 Re3+ 54. Kf6 f4 55. Nxe6 f3 56. Rxg6+ Kh5 57. Nf4+ Kh4 58. Kf5 f2 59.
Rg4# 1-0

[Event "Titled Tue 3rd Jan Late"]
[Site "chess.com INT"]
[Date "2025.06.03"]
[Round "7"]
[White "Medina Paz, Miguel"]
[Black "Grzesik, Gracjan"]
[Result "1/2-1/2"]
[WhiteTitle "IM"]
[BlackTitle "CM"]
[WhiteElo "2368"]
[BlackElo "2175"]
[WhiteFideId "7300379"]
[BlackFideId "1194593"]
[EventDate "2025.06.03"]

1. d4 Nf6 2. c4 e6 3. Nf3 Bb4+ 4. Nbd2 O-O 5. e3 b6 6. Bd3 Bb7 7. Qc2 d6 8. O-O
Bxd2 9. Bxd2 Nbd7 10. Bc3 Qe7 11. Nd2 c5 12. Rae1 Rac8 13. b3 cxd4 14. exd4 d5
15. Bb2 dxc4 16. bxc4 Qd6 17. Qb3 Rfd8 18. f3 Nc5 19. dxc5 Qxd3 20. Bxf6 gxf6
21. Ne4 Bxe4 22. fxe4 Qxb3 23. axb3 Rxc5 24. Rxf6 Rd3 25. Ref1 Rc7 26. R1f3 Rxf3
27. Rxf3 Rd7 28. Kf2 Rd2+ 29. Kg3 Kf8 30. h4 Ke7 31. Kh3 a6 32. g4 b5 33. cxb5
axb5 34. g5 b4 35. Kg4 Rc2 36. Kf4 Rh2 37. Kg4 Rc2 38. Kf4 Kd6 39. Rd3+ Ke7 40.
Rg3 Rh2 41. Kg4 Kd6 42. Rf3 Ke7 43. Rg3 Rc2 44. Kf4 Rh2 45. Kg4 1/2-1/2

[Event "Titled Tue 3rd Jan Late"]
[Site "chess.com INT"]
[Date "2025.06.03"]
[Round "7"]
[White "Daianu, Cristian-Clement"]
[Black "Matta, Vinay Kumar"]
[Result "0-1"]
[WhiteTitle "FM"]
[BlackTitle "FM"]
[WhiteElo "2205"]
[BlackElo "2120"]
[WhiteFideId "1208926"]
[BlackFideId "5016649"]
[EventDate "2025.06.03"]

1. e4 e5 2. Nc3 Nf6 3. f4 d5 4. fxe5 Nxe4 5. Qf3 Nc6 6. Nxe4 Nd4 7. Qf2 dxe4 8.
d3 Bc5 9. Be3 Nxc2+ 10. Qxc2 Bxe3 11. Qa4+ c6 12. Qxe4 Qa5+ 13. b4 Qb6 14. Nf3
Be6 15. a3 O-O 16. d4 Bh6 17. Bd3 g6 18. O-O Rad8 19. Qh4 Be3+ 20. Kh1 Bd5 21.
Be4 Bxe4 22. Qxe4 Bxd4 23. e6 Bxa1 24. e7 Bg7 25. Ng5 Qf2 26. exf8=Q+ Bxf8 27.
Qc4 b5 28. Qc1 Qd2 29. Qb1 Qxg5 30. Qb3 Qd5 31. Qe3 Qd3 32. Qf2 Rd7 33. h3 h5
34. Qf6 Bg7 35. Qf4 Qd4 36. Qb8+ Kh7 37. Qe8 Qd5 38. Qe3 c5 39. bxc5 Bd4 40. Qe2
Qxc5 41. Qa2 Kg7 42. a4 b4 43. Qb3 Bc3 0-1

[Event "Titled Tue 3rd Jan Late"]
[Site "chess.com INT"]
[Date "2025.06.03"]
[Round "7"]
[White "Tristan, Leonardo"]
[Black "Sanchez Negreiros, Jose Alberto"]
[Result "1-0"]
[WhiteTitle "GM"]
[BlackTitle "FM"]
[WhiteElo "2536"]
[BlackElo "2231"]
[WhiteFideId "113816"]
[BlackFideId "3851516"]
[EventDate "2025.06.03"]

1. d4 Nf6 2. Nf3 e6 3. Bf4 Bd6 4. Bg3 Bxg3 5. hxg3 O-O 6. Nbd2 d5 7. e3 c5 8. c3
Qc7 9. Bd3 Nbd7 10. g4 e5 11. g5 e4 12. gxf6 Nxf6 13. Ng5 exd3 14. Nxh7 Nxh7 15.
Qh5 Bf5 16. Qxf5 g6 17. Qh3 f5 18. Qf3 Nf6 19. dxc5 Qxc5 20. Qg3 Kg7 21. Nb3 Qe7
22. Qg5 Rh8 23. O-O-O Qe5 24. f3 Rac8 25. Nd4 Nh5 26. g4 Ng3 27. Rxh8 Rxh8 28.
gxf5 Nxf5 29. Nxf5+ Qxf5 30. Qxf5 gxf5 31. Rxd3 Rh1+ 32. Kc2 Rh2+ 33. Rd2 Rh3
34. f4 Rxe3 35. Rxd5 Kf6 36. Rd7 Re2+ 37. Kb3 Re4 38. Rxb7 a5 39. Rb6+ Kf7 40.
a4 Rxf4 41. Rb5 Rf2 42. Rxa5 f4 43. Rb5 f3 44. Kc4 Re2 45. Kd3 Ke6 46. Rb8 Ke5
47. Re8+ 1-0

[Event "Titled Tue 3rd Jan Late"]
[Site "chess.com INT"]
[Date "2025.06.03"]
[Round "7"]
[White "Kovacs, Reka"]
[Black "Sobek, Jaroslav"]
[Result "1-0"]
[WhiteTitle "WCM"]
[BlackTitle "FM"]
[WhiteElo "1963"]
[BlackElo "2195"]
[WhiteFideId "790702"]
[BlackFideId "301388"]
[EventDate "2025.06.03"]

1. e4 c5 2. Bc4 a6 3. c3 b5 4. Bb3 Bb7 5. Qe2 Nc6 6. Nf3 e6 7. O-O Be7 8. d4 d6
9. Rd1 Qc7 10. Bf4 c4 11. Bc2 Nf6 12. Nbd2 e5 13. Bg3 Nh5 14. Nf1 Nxg3 15. Nxg3
g6 16. Qe3 h5 17. Rd2 h4 18. Ne2 Kf8 19. Rad1 Rd8 20. dxe5 dxe5 21. Rxd8+ Nxd8
22. Qa7 Nc6 23. Qe3 Kg7 24. b3 Na5 25. b4 Nc6 26. a4 Rd8 27. axb5 axb5 28. Rxd8
Qxd8 29. Qd2 Qxd2 30. Nxd2 Nd8 31. f3 Bg5 32. Nf1 Ne6 33. Kf2 Kf8 34. Ne3 Bxe3+
35. Kxe3 Ke7 36. g3 hxg3 37. hxg3 Kd6 38. f4 f6 39. f5 gxf5 40. exf5 Ng5 41. g4
Bg2 42. Ng3 Bh3 43. Bd1 Ke7 44. Bf3 Kd6 45. Kf2 Nxf3 46. Kxf3 Ke7 47. Kf2 Kf7
48. Kf3 Ke7 49. Ne4 Bf1 50. Ke3 1-0

[Event "Titled Tue 3rd Jan Late"]
[Site "chess.com INT"]
[Date "2025.06.03"]
[Round "7"]
[White "Rustamov, Rustam"]
[Black "Panin, Mikhail"]
[Result "0-1"]
[WhiteTitle "FM"]
[BlackTitle "CM"]
[WhiteElo "2323"]
[BlackElo "2262"]
[WhiteFideId "13440110"]
[BlackFideId "34164992"]
[EventDate "2025.06.03"]

1. e4 g6 2. d4 Bg7 3. Nc3 d6 4. Nf3 a6 5. a4 b6 6. Bc4 e6 7. h4 h6 8. Be3 Ne7 9.
Qe2 Nd7 10. g4 Bb7 11. Bb3 Nf6 12. Nd2 h5 13. g5 Ng4 14. Rg1 c5 15. dxc5 bxc5
16. O-O-O Nxe3 17. fxe3 Qc7 18. Rgf1 O-O 19. Qg2 Nc6 20. Qh3 Ne5 21. Nc4 Rad8
22. Rf2 Ng4 23. Rfd2 Be5 24. Nxe5 Nxe5 25. Qg3 c4 26. Ba2 Qc5 27. Rd4 Rd7 28.
Ne2 Rfd8 29. Nc3 Bc6 30. Qf2 Qb4 31. Kd2 Bxa4 32. Rb1 Bb5 33. Ke1 Nc6 34. Rdd1
Qc5 35. Ne2 Nb4 36. Nd4 Nxa2 37. c3 Ba4 38. Rd2 Qe5 39. Ra1 Bb3 40. Qf3 a5 41.
Rf2 a4 42. Kd2 a3 43. bxa3 Ra7 44. Raf1 Rdd7 45. Nc6 Qxc3+ 46. Ke2 Nc1+ 47. Rxc1
Qxc1 48. Rf1 Qc2+ 49. Ke1 Rxa3 50. Qf6 Qd1+ 51. Kf2 Ra2+ 52. Kg3 Qg4# 0-1

[Event "Titled Tue 3rd Jan Late"]
[Site "chess.com INT"]
[Date "2025.06.03"]
[Round "7"]
[White "Terry, Renato"]
[Black "Navoyan, Gagik"]
[Result "1-0"]
[WhiteTitle "IM"]
[BlackTitle "CM"]
[WhiteElo "2508"]
[BlackElo "2186"]
[WhiteFideId "3803457"]
[BlackFideId "13314866"]
[EventDate "2025.06.03"]

1. e4 e5 2. Nf3 Nc6 3. c3 Nf6 4. d4 exd4 5. e5 Ne4 6. Qe2 Nc5 7. cxd4 Ne6 8. d5
Ncd4 9. Nxd4 Nxd4 10. Qe4 c5 11. Nc3 d6 12. exd6+ Kd7 13. Bb5+ Nxb5 14. Nxb5 Qf6
15. Qg4+ Kd8 16. Qg3 h6 17. d7 Qe7+ 18. Be3 Qxd7 19. Nc3 g5 20. O-O Bd6 21. f4
Re8 22. Qf2 g4 23. Bxc5 b6 24. Bd4 Bb7 25. Rfe1 Rxe1+ 26. Rxe1 Qf5 27. Be5 Bc5
28. Bd4 Rc8 29. Bxc5 Rxc5 30. Qh4+ Kc7 31. Re7+ Kb8 32. Qxh6 Qd3 33. Qd6+ Ka8
34. Re8+ Bc8 35. Kf2 g3+ 36. hxg3 Qd4+ 37. Re3 Qd2+ 38. Ne2 Rc2 39. Qd8 Kb7 40.
Qe7+ Ka8 41. d6 Bg4 42. Qe8+ Kb7 43. Qxf7+ Ka6 44. Qe8 Bxe2 45. Rxe2 Qd4+ 46.
Qe3 Rxe2+ 47. Kxe2 Qxd6 48. Qd3+ 1-0

[Event "Titled Tue 3rd Jan Late"]
[Site "chess.com INT"]
[Date "2025.06.03"]
[Round "7"]
[White "Pranav, V"]
[Black "Niemann, Hans Moke"]
[Result "1/2-1/2"]
[WhiteTitle "GM"]
[BlackTitle "GM"]
[WhiteElo "2621"]
[BlackElo "2736"]
[WhiteFideId "25060783"]
[BlackFideId "2093596"]
[EventDate "2025.06.03"]

1. e4 e5 2. Nf3 Nc6 3. Bb5 a6 4. Ba4 Nf6 5. O-O Be7 6. d3 b5 7. Bb3 d6 8. Bd2
O-O 9. h3 Be6 10. Bxe6 fxe6 11. a4 b4 12. Re1 Rb8 13. c3 bxc3 14. bxc3 Qe8 15.
Be3 d5 16. Nbd2 Bd6 17. Qc2 Qd7 18. Reb1 h6 19. Nb3 Qe7 20. Nbd2 Qd7 21. Nb3 Nh5
22. Nc5 Bxc5 23. Bxc5 Rfd8 24. Rxb8 Rxb8 25. Rb1 Rxb1+ 26. Qxb1 Nf6 27. Kh2 dxe4
28. dxe4 Kh7 29. Be3 Qd6 30. Nd2 Ne7 31. Qb7 Ng6 32. a5 Qd3 33. Qc6 Nf4 34. c4
Qd6 35. Qxd6 cxd6 36. c5 dxc5 37. Bxc5 Nd7 38. Bd6 Nd3 39. f3 Nb2 40. Ba3 Nd3
41. Nc4 g5 42. Kg1 h5 43. Kf1 h4 44. Be7 Kg6 45. Ne3 Nb8 46. Nc4 Nc6 47. Bd6 Kf7
48. Ke2 Nf4+ 49. Kf1 Ng6 50. Bc7 Ke7 51. Bb6 Nf4 52. Bc7 Ng6 53. Bb6 Kd7 54. Be3
Nf4 55. Kf2 Ke7 56. Kf1 Kf6 57. Bb6 Ke7 58. Bc5+ Kf7 59. Bb6 Nd3 60. Be3 Kf6 61.
Bb6 Nf4 62. Be3 Nd4 63. Kf2 Nd3+ 64. Kf1 Nf4 65. Kf2 Nc6 66. Kf1 Nd3 67. Bb6 Nf4
68. Be3 1/2-1/2

[Event "Titled Tue 3rd Jan Late"]
[Site "chess.com INT"]
[Date "2025.06.03"]
[Round "7"]
[White "Hartge, Gedeon"]
[Black "Tahmasebi, Hamidreza"]
[Result "0-1"]
[WhiteTitle "FM"]
[BlackTitle "FM"]
[WhiteElo "2328"]
[BlackElo "2298"]
[WhiteFideId "12932116"]
[BlackFideId "12537527"]
[EventDate "2025.06.03"]

1. e4 c5 2. Nf3 e6 3. Nc3 Nc6 4. d4 cxd4 5. Nxd4 Nf6 6. Ndb5 Bb4 7. a3 Bxc3+ 8.
Nxc3 d5 9. exd5 exd5 10. Bd3 O-O 11. O-O d4 12. Ne2 Bg4 13. f3 Bh5 14. Bg5 Qd6
15. Qd2 Bg6 16. Nf4 Rfe8 17. Nxg6 hxg6 18. Rae1 Ne5 19. h3 Rac8 20. Bf4 Qd5 21.
Bxe5 Rxe5 22. Rxe5 Qxe5 23. Re1 Qd6 24. Qb4 Qg3 25. Rf1 Nd5 26. Qxb7 Rd8 27. f4
Nxf4 28. Bc4 Rf8 29. Kh1 g5 30. Qf3 Qh4 31. Qg4 Qh6 32. h4 Nh5 33. Qxg5 Qxg5 34.
hxg5 Ng3+ 35. Kg1 Nxf1 36. Kxf1 Rc8 37. b3 g6 38. Ke2 Rc5 39. Kd3 Rxg5 40. Kxd4
Rxg2 41. Bd3 g5 42. b4 g4 43. Ke3 Kf8 44. a4 Ke7 45. a5 Kd6 46. b5 Kc5 47. b6
axb6 48. a6 Rg1 49. Kf4 Ra1 50. Kxg4 b5 51. Kf5 Rxa6 52. Ke5 Rd6 53. Kf5 Rxd3
54. cxd3 Kd4 0-1

[Event "Titled Tue 3rd Jan Late"]
[Site "chess.com INT"]
[Date "2025.06.03"]
[Round "7"]
[White "Zlatkov, Anton"]
[Black "Mizzi, Jack"]
[Result "1/2-1/2"]
[WhiteTitle "FM"]
[BlackTitle "CM"]
[WhiteElo "2322"]
[BlackElo "2086"]
[WhiteFideId "15005402"]
[BlackFideId "5602521"]
[EventDate "2025.06.03"]

1. d4 Nf6 2. Nf3 e6 3. g3 d5 4. Bg2 Bd6 5. O-O O-O 6. c4 dxc4 7. Qc2 Nc6 8. Qxc4
e5 9. d5 Ne7 10. e4 c6 11. dxc6 Be6 12. Qe2 Nxc6 13. Rd1 Qc7 14. Nc3 a6 15. Bg5
Nd7 16. Rac1 f6 17. Be3 Rad8 18. Nd5 Qb8 19. Nh4 Rc8 20. Nf5 Bxf5 21. exf5 Kh8
22. Qd2 Rfd8 23. a3 Nd4 24. Rxc8 Qxc8 25. Bxd4 exd4 26. Qxd4 Ne5 27. Qe4 Bc5 28.
Nc3 Rxd1+ 29. Nxd1 b6 30. Nc3 b5 31. Nd5 Nc4 32. Qe2 Bd4 33. b3 Ne5 34. Be4 Qc1+
35. Kg2 Qxa3 36. f4 Nf7 37. Bf3 Qf8 38. Nc7 Bb6 39. Nxa6 Nd6 40. Qe6 h6 41. Bd5
Bd4 42. Nb4 Bc5 43. Nc6 Qa8 44. Ne7 Qd8 45. Ng6+ Kh7 46. h4 b4 47. g4 Nb5 48.
Bc4 Nd4 49. Qe4 Qc7 50. Qd5 Qc8 51. Ne7 Bxe7 52. Qxd4 Bc5 53. Qd5 Be7 54. Kf3
Qd8 55. Ke4 Qxd5+ 56. Kxd5 h5 57. g5 g6 58. Ke6 Bd8 59. gxf6 Kg8 60. Kd7+ Kf8
61. Kxd8 gxf5 62. Kd7 1/2-1/2

[Event "Titled Tue 3rd Jan Late"]
[Site "chess.com INT"]
[Date "2025.06.03"]
[Round "7"]
[White "Ozkan, Taha"]
[Black "Tymrakiewicz, Rafal"]
[Result "1-0"]
[WhiteTitle "FM"]
[BlackTitle "FM"]
[WhiteElo "2247"]
[BlackElo "2189"]
[WhiteFideId "34577173"]
[BlackFideId "1108832"]
[EventDate "2025.06.03"]

1. d4 g6 2. e4 Bg7 3. Nf3 Nf6 4. e5 Nd5 5. c4 Nb6 6. Nc3 d6 7. Bf4 Bg4 8. h3
Bxf3 9. Qxf3 Nc6 10. Rd1 O-O 11. Be2 Qc8 12. Qe3 dxe5 13. dxe5 Qe6 14. Nd5 Bxe5
15. Nxc7 Bxc7 16. Qxe6 fxe6 17. Bxc7 Na4 18. b3 Nc3 19. Rd7 Nxa2 20. O-O Nab4
21. Bg4 Rf6 22. Re1 e5 23. Bxe5 Nxe5 24. Rxe5 Nc6 25. Re2 Rb8 26. Bf3 e5 27.
Bxc6 bxc6 28. Rxe5 Rf7 29. Rxf7 Kxf7 30. Re3 Kf6 31. Kf1 c5 32. Ke2 Rd8 33. Rd3
Rxd3 34. Kxd3 Kf5 35. Ke3 h5 36. g3 g5 37. f4 g4 38. h4 a6 39. Kd3 Kf6 40. Ke3
Kf5 41. Kd3 Kf6 42. Ke4 Ke6 43. f5+ Kd6 44. Kf4 a5 45. Ke4 Ke7 46. Ke5 Kf7 47.
f6 Kf8 48. Kf5 Kf7 49. Kg5 Kf8 50. Kxh5 Kg8 51. Kg6 Kf8 52. h5 Kg8 53. f7+ Kf8
54. h6 a4 55. bxa4 1-0

[Event "Titled Tue 3rd Jan Late"]
[Site "chess.com INT"]
[Date "2025.06.03"]
[Round "7"]
[White "Loya Ibarra, Rigoberto"]
[Black "Uzuner, Tufan Can"]
[Result "1/2-1/2"]
[BlackTitle "CM"]
[WhiteElo "2069"]
[BlackElo "1886"]
[WhiteFideId "5110688"]
[BlackFideId "6300499"]
[EventDate "2025.06.03"]

1. e4 c6 2. d4 d5 3. Nc3 dxe4 4. Nxe4 Nf6 5. Nxf6+ exf6 6. Nf3 Bd6 7. Bc4 O-O 8.
O-O Bg4 9. Qd3 Bh5 10. c3 Nd7 11. Bb3 c5 12. Ba4 Nb6 13. Bc2 Bg6 14. Qd1 Bxc2
15. Qxc2 cxd4 16. Nxd4 Be5 17. Rd1 Qc7 18. Nf3 Rfe8 19. Be3 Nc4 20. Bd4 Rac8 21.
b3 Bxd4 22. Rxd4 Ne5 23. Nxe5 Qxe5 24. Qd2 b5 25. a3 a6 26. Rd1 h6 27. h3 Qc5
28. Rd6 Qxa3 29. Qc2 a5 30. Ra6 a4 31. bxa4 Rxc3 32. axb5 Qc5 33. Qb1 Rc2 34.
Rf1 Ree2 35. Ra8+ Kh7 36. b6 Rxf2 37. Qxc2+ Qxc2 38. Rxf2 Qb1+ 39. Rf1 Qxb6+ 40.
Kh1 Qc6 41. Raa1 h5 42. Rac1 Qd5 43. Rcd1 Qg5 44. Rf3 g6 45. Rdf1 f5 46. Rf4 Kg7
47. R4f2 Qg3 48. Rf3 Qg5 49. Rf4 Qe7 50. R4f2 Qe5 51. Rf4 Kf6 52. R4f2 h4 53.
Rf4 Kg5 54. R4f2 f4 55. Rc2 Qe4 56. Rc5+ f5 57. Rcc1 Qe2 58. Rce1 Qd3 59. Rd1
Qe2 60. Rde1 Qd3 61. Rd1 Qe4 62. Rde1 Qd5 63. Rd1 Qe4 64. Rde1 Qc4 65. Rc1 Qe4
66. Rce1 1/2-1/2